00352nam a2200133Ia 4500008004100000020001800041041001200059100001700071245006400088250000800152260003600160300000800196650001400204221030s9999 xx 000 0 und d a9789390227310 aEnglish aS. R. Myneni 0aLaw of Torts & Consumer Protection 2nd Ed.cby S. R. Myneni a2nd bAsia Law HouseaHyderabadc2021 a720 aTorts Law